La fundación de la Universidad de Los Andes 21 de septiembre de 1810 (Registro nro. 182265)

Detalles MARC
000 -ENCABEZADO
Número de control [NR] 01097nam a22002417a 4500
005 - FECHA Y HORA DE LA ÚLTIMA TRANSACCIÓN
control field 20140903174947.0
008 - DE LONGITUD FIJA DE DATOS DE ELEMENTOS - INFORMACIÓN GENERAL
Elementos de longitud fija [NR] 131021s2011 ve frn 000 0 spa
020 ## - NUMERO INTERNACIONAL NORMALIZADO PARA LIBROS [R]
Número Internacional Normalizado del libro [NR] 9789801113393
040 ## - FUENTE DE CATALOGACION [NR]
Agencia de catalogación original [NR] CO-BoUCM
Quien Cataloga
Quien Clasifica Aldemar Mondragón
Idioma de catalogación [NR] spa
041 00 - CODIGO DE IDIOMA [R]
Código de idioma para texto/pista de sonido o título separado [R] Español
100 1# - ASIENTO PRINCIPAL--NOMBRE PERSONAL [NR]
Nombre personal [NR] López Bohórquez, Alí Enrique
ID Autoridad 48489
245 13 - MENCION DE TITULO [NR]
Título [NR] La fundación de la Universidad de Los Andes 21 de septiembre de 1810
Mención de responsabilidad, etc. [NR] Alí Enrique López Bohórquez
260 ## - PUBLICACION, DISTRIBUCION, ETC. (PIE DE IMPRENTA) [R]
Lugar de publicación, distribución, etc. [R] Mérida (Venezuela)
Nombre del editor, distribuidor, etc. [R] Rectorado de la Universidad de Los Andes
-- Centro de Estudios Históricos Carlos Emilio Muñoz Oráa
Fecha de publicación, distribución, etc. [R] 2011
300 ## - DESCRIPCION FISICA [R]
Extensión [R] 376 páginas
504 ## - NOTA DE BIBLIOGRAFIA, ETC. [R]
Nota de bibliografía, etc. [NR] Incluye referencias bibliográficas
610 20 - ASIENTO SECUNDARIO DE MATERIA - NOMBRE CORPORATIVO [R]
Nombre corporativo o nombre de la jurisdicción como elemento de entrada [NR] Universidad de los Andes
Subdivisión general [R] Historia
9 (RLIN) 48490
Subdivisión geográfica [R] Mérida (Venezuela)
650 #7 - ASIENTO SECUNDARIO DE MATERIA - TERMINO TEMATICO [R]
Término temático o nombre geográfico como elemento de entrada [NR] Educación superior
Subdivisión general [R] Historia
Subdivisión geográfica [R] Mérida (Venezuela)
9 (RLIN) 48598
650 #7 - ASIENTO SECUNDARIO DE MATERIA - TERMINO TEMATICO [R]
Término temático o nombre geográfico como elemento de entrada [NR] Universidades
Subdivisión general [R] Historia
Subdivisión geográfica [R] Mérida (Venezuela)
9 (RLIN) 48599
690 ## - ASUNTO AGREGADO LOCAL DE ENTRADA - TÉRMINO TEMÁTICO (OCLC, RLIN)
9 (RLIN) 42799
Acceso temático local Educación superior
710 1# - ASIENTO SECUNDARIO - NOMBRE CORPORATIVO [R]
Nombre corporativo o de jurisdicción como elemento de entrada [NR] Universidad de Los Andes
Unidad subordinada [R] Cátedra Libre de Historia
9 (RLIN) 48493
942 ## - ELEMENTOS DE ENTRADA AGREGADOS (KOHA)
Tema principal Educación
Tipo de ítem principal el descrito en 300a Libro
Edición 1
Parte restante de la signatura top. L925f
Sistema de clasificación DEWEY
Clasificación 378.8713
Existencias
Fecha de último préstamo Total préstamos Total Renewals Signatura topográfica Código de barras Última vez visto Ejemplar Costo de reposición Price effective from Tipo de ítem Perdido Sistema de clasificación Dañado No prestable Tipo de ítem específico Suprimido Ubicación habitual Ubicación actual Localización Fecha de creación Proveedor Forma de adquisición Costo
24/10/2013 1 7 378.8713 L925f 100137215 05/12/2025 Ej.1 60000.00 17/10/2013 Libro   DEWEY     Libro   Claustro Claustro 2do piso 17/10/2013 38 Compra 60000.00